[Event "GBR-ch"]
[Site "Scarborough"]
[Date "2001.08.04"]
[Round "6"]
[White "Chandler, Murray"]
[Black "Singh, Gurpreet"]
[Result "1-0"]
[WhiteElo "2540"]
[BlackElo "2302"]
[Annotator "Martin,A (game of the day)"]
[PlyCount "71"]
[EventDate "2001.07.30"]

1. e4 {. . . . . Finkel,A} 1... e6 2. Nf3 d5 3. Nc3 Nf6 4. e5 Nfd7 5. d4 c5 6.
dxc5 Nc6 7. Bf4 Bxc5 8. Bd3 f6 {Black can certainly delay ...f7-f6,despite the
fact that it's the theoretical recommendation. White's position comes to life
now. Instead :} (8... a6) (8... h6) ({RR} 8... h6 9. Qe2 ({RR} 9. Bg3 a6 ({
RR} 9... b6 10. a3 Be7 11. O-O Nc5 12. Bb5 Bd7 13. Re1 a5 14. Bf1 O-O 15. Nd4
Nxd4 16. Qxd4 a4 17. Rad1 Bc8 18. Qg4 Ba6 19. Bxa6 Rxa6 20. Rd4 Qe8 21. Re3 Ra7
22. Bh4 Bxh4 23. Qxh4 Qd8 24. Qg4 {
Makarichev,S-Vogel,J/Amsterdam 1974/MCL/1-0 (65)}) 10. O-O b5 11. Re1 O-O 12.
Ne2 b4 13. c3 bxc3 14. bxc3 a5 15. Nf4 Ba6 16. Bc2 Rc8 17. Qd2 Re8 18. Nh5 Bf8
19. Rac1 Ne7 20. Nd4 Nc5 21. Bh4 Qd7 22. Bxe7 Qxe7 23. Re3 Red8 {
Gufeld,E-Spassky,B/Leningrad 1960/URS-ch/1-0 (34)}) 9... Bb4 10. O-O Bxc3 11.
bxc3 Nb6 12. Nd4 Nxd4 13. cxd4 Bd7 14. Qg4 Kf8 15. Rfe1 Rc8 16. Re3 g5 17. Rg3
f5 18. exf6 e5 19. Qh5 Be8 20. Bg6 exf4 21. Rxg5 Rc7 22. Re5 Bxg6 23. Qxg6 {
Kiss,G-Kovacs,G/HUN 1995/EXT 99/0-1 (42)}) 9. exf6 $146 Qxf6 10. Bg3 ({RR} 10.
Bg5 Qf7 11. Qe2 O-O 12. O-O-O h6 13. Bh4 a6 14. Bg3 Nb6 15. Kb1 Bd7 16. Rhf1
Qh5 17. a3 Rac8 18. Rde1 Rf6 19. Qd2 Qf7 20. Ne5 Nxe5 21. Bxe5 Rxf2 22. Qd1 Qe7
23. Rxf2 Bxf2 24. Rf1 Bc5 {
Morozevich,A-Bareev,E/Sarajevo 1999/CBM 71/[Finkel,A]/0-1 (70)}) 10... O-O 11.
O-O h6 ({RR} 11... Nd4 12. Nxd4 Bxd4 13. Qh5 g6 14. Qe2 a6 15. Rae1 Nc5 16. Be5
Bxe5 17. Qxe5 Qxe5 18. Rxe5 Nxd3 19. cxd3 Bd7 20. f4 Rac8 21. g3 $14 {
A game which White eventually loses but here he has the traditional solid,
small advantage promised by the control of e5 and his commanding Rook} 21...
Rc5 22. Rf2 Rfc8 23. Ne2 Ra5 24. a3 Ra4 25. Nc3 Rxa3 26. bxa3 {
Pitkanen,S-Kokkila,T/Vantaa 1999/EXT 2000/0-1 (45)}) 12. Qe2 $146 { If Sing
h can break Chandler's hold on e5,he will attain a reasonable position. If not.
....} ({RR} 12. Qd2 Nde5 ({RR} 12... Bb4 13. a3 Be7 14. Rfe1 a6 15. Re2 Nc5 16.
Ne5 Nxe5 17. Bxe5 Qf7 18. Rae1 Bg5 19. Qd1 Bf4 20. Bxf4 Qxf4 21. g3 Qf6 22. Qd2
Bd7 23. Re5 Bc6 24. f4 Rae8 25. Qe3 d4 26. Qxd4 Nd7 27. Ne4 {
Matychenkov,V-Galanov,B/Naberezhnie Chelni 1988/TD/1-0 (44)}) 13. Nxe5 Nxe5 14.
Rae1 Nf7 15. Qe2 Bd7 16. Qg4 Qg5 17. Qxg5 Nxg5 18. h4 Nf7 19. Bb5 Bc8 20. Bd3
a6 21. Na4 Ba7 22. Bc7 Bd7 23. Nb6 Bxb6 24. Bxb6 e5 25. f3 Rfe8 26. Re2 Bb5 {
Blimke,D-Kludacz,M/Brzeg Dolny 1996/EXT 98/1-0 (42)}) 12... Bb6 {
One way to try to mix things up is 12...Nd4 but White can get the advantage eg}
(12... Nd4 13. Nxd4 Bxd4 14. Nb5 $1 Bxb2 15. Rae1 $1 a6 (15... e5 16. Nc7 Rb8
17. Nxd5 {with Qe4 to come.}) 16. Nc7 Ra7 17. Qxe6+ Qxe6 18. Nxe6 $16) 13. Rad1
Nc5 14. Kh1 Bd7 (14... Nxd3 15. Rxd3 a6 16. Ne5 $14) 15. Bb5 { Strictly
positional. In its own way this is one of the most consistent games of the
round as well as one of the best.} 15... Be8 16. Bxc6 bxc6 17. Be5 {
 Control gives way to occupation. How does White increase his advantage ?}
17... Qe7 18. Nd4 Rc8 19. Qg4 $1 {That's how. The pawn at e6 is doomed to
come under serious pressure. Of course Chandler has to be careful that Singh
doesn't get the c pawn moving, which would simply put White's minor pieces
back.} 19... Nd7 $1 {A good,fighting reply. Singh sets up counterplay and then
doesn't go through with it!} 20. Bg3 (20. Bxg7 Qxg7 21. Qxg7+ Kxg7 22. Nxe6+
Kf7 23. Nxf8 Kxf8 24. f4 {is not as good}) 20... Bf7 (20... e5 {
was begging to be played eg} 21. Rfe1 Bxd4 22. Rxd4 Rb8 23. Nd1 Qf6 24. Ra4 (
24. Rd2 $13) 24... Rb7 $13) 21. Rfe1 Qb4 22. a3 $1 Qxb2 23. Na4 Qxa3 24. Nxb6
axb6 25. Nxe6 Bxe6 26. Rxe6 { A strong move. There are veiled threats to the
Knight and Rxh6 is directly menacing. One feels that Black should have
more than one good defence but analysis doesn't bear this out.} 26... Qc3 $2 (
26... Nc5 27. Re7 $1 $18 Qc3 28. Be5) (26... Rf7 27. Rd6 Rd8 (27... Qa7 28.
Rxh6 Qa2 29. c3 Qc2 30. Rd6 $13) 28. Rxc6 $16) 27. Re7 $18 Rce8 $8 28. Qe6+ Kh7
29. Rxe8 Qxc2 30. Re1 Nc5 31. Qxc6 Rxe8 32. Qxe8 d4 33. Qe2 Qxe2 34. Rxe2 d3
35. Rd2 Kg6 36. f3 {Murray Chandler is playing as well as anyone. I am sure
that he'll be in the frame next Saturday.} 1-0

[Event "GBR-ch"]
[Site "Scarborough"]
[Date "2001.08.06"]
[Round "7"]
[White "Palliser, Richard JD"]
[Black "Miles, Tony"]
[Result "1/2-1/2"]
[WhiteElo "2337"]
[BlackElo "2565"]
[Annotator "Martin,A"]
[PlyCount "88"]
[EventDate "2001.07.30"]

1. e4 Nf6 2. e5 Nd5 3. c4 Nb6 4. d4 d6 5. exd6 exd6 6. Nc3 Nc6 7. Nf3 Be7 ({RR
} 7... Bg4 8. Be2 Be7 9. d5 Bxf3 10. Bxf3 Ne5 11. Be2 O-O 12. b3 Bf6 13. Bb2 a5
14. O-O Re8 15. Qd2 Ned7 16. Rad1 Nc5 17. Qc2 g6 18. Rfe1 Bg7 19. Bf1 Qd7 20.
Nb5 f5 21. g3 Qf7 22. a3 {Emms,J-Baburin,A/Isle of Man 1997/EXT 99/1/2-1/2 (41)
}) 8. d5 $146 ({RR} 8. b3 O-O 9. Be2 Bg4 10. Be3 Bf6 11. Rc1 g6 12. O-O d5 13.
c5 Nd7 14. Nxd5 Bg7 15. h3 Bf5 16. Qd2 Re8 17. Rfe1 Be4 18. Nc3 Nf6 19. Ng5 Bf5
20. Bc4 Re7 21. Rcd1 Rd7 22. g4 Nxg4 {
Schuler,D-Danzer,J/Oberhof 1999/EXT 2000/1-0 (62)}) 8... Ne5 9. Nxe5 dxe5 10.
Be2 O-O 11. O-O f5 12. Be3 $5 f4 13. Bxb6 axb6 14. Ne4 Bc5 15. Nxc5 bxc5 16.
Bg4 Bxg4 17. Qxg4 f3 18. Rfe1 Ra6 19. g3 Rg6 20. Qh3 Qg5 21. Re4 Qd2 22. Rae1
Qxb2 23. Rxe5 h6 24. Qd7 Qxa2 25. Re8 Rgf6 26. R8e7 R6f7 27. Qe6 Qd2 28. h4 Kh7
29. Qe4+ Kh8 30. Rxf7 Rxf7 31. Re3 Qd1+ 32. Re1 Qa4 33. Re3 Qa1+ 34. Kh2 Qf6
35. Qe6 Kg8 36. Qxf6 Rxf6 37. g4 Rf4 38. Kg3 Rxc4 39. Re7 b5 40. Rxc7 Kf8 41.
d6 Ke8 42. Rxg7 b4 43. Rb7 Rd4 44. g5 Rxd6 1/2-1/2

[Event "GBR-ch"]
[Site "Scarborough"]
[Date "2001.08.06"]
[Round "7"]
[White "Gallagher, Joseph G"]
[Black "Knott, Simon JB"]
[Result "1-0"]
[WhiteElo "2516"]
[BlackElo "2373"]
[Annotator "Martin,A"]
[PlyCount "91"]
[EventDate "2001.07.30"]

1. d4 Nf6 2. Bg5 c5 3. d5 d6 4. Nc3 ({RR} 4. c4 Ne4 5. Bc1 e5 6. g3 f5 7. Bg2
Nf6 8. Nh3 h6 9. Nc3 Be7 10. f3 O-O 11. Nf2 Na6 12. O-O Nc7 13. e4 Rb8 14. Qd3
fxe4 15. Nfxe4 Nxe4 16. Nxe4 b5 17. b3 Ba6 18. Rf2 bxc4 19. bxc4 Rb4 20. Rc2
Ne8 21. Bd2 Rb8 22. f4 exf4 23. Bxf4 Nf6 24. Re1 {
1/2-1/2 Than Soe Aung-Nyee Nyee Zaw/Yangon 1999/EXT 2000 (24)}) 4... h6 $5 {
A weird and wonderful interpretation.Knott certainly believes in the two
Bishops. } 5. Bxf6 $146 ({RR} 5. Bf4 g6 6. e4 Bg7 7. Nf3 Nbd7 8. Be2 a6 9. a4
Qc7 10. h3 b6 11. O-O O-O 12. Re1 Bb7 13. Bf1 Rfe8 14. Qd2 Kh7 15. Rad1 Ng8 16.
h4 Rad8 17. Bc4 Ne5 18. Nxe5 dxe5 19. Be3 e6 {
De Coverly,R-Gurr,L/GBR 1999/EXT 2000/1/2-1/2 (42)}) 5... exf6 6. e4 g6 7. Bd3
Bg7 8. Nf3 O-O 9. O-O Nd7 10. Nd2 $14 a6 11. a4 Ne5 12. Be2 f5 13. exf5 gxf5 {
Oh !......

He missed} (13... Bxf5 14. f4 $1 Nd7 15. g4 Bd4+ 16. Kh1 $18
) 14. a5 b5 15. axb6 Qxb6 16. Ra2 Re8 17. Kh1 Qd8 18. f4 Ng4 19. Bxg4 fxg4 20.
Nce4 f5 21. Ng3 Ra7 22. Nc4 Rf7 23. Qd3 Bf8 24. Raa1 Qf6 25. c3 Qg6 26. Rfe1
Rxe1+ 27. Rxe1 h5 28. Nb6 Bb7 29. Re6 Qh7 30. Kg1 h4 31. Nf1 Qh5 32. Ne3 Bh6
33. g3 hxg3 34. hxg3 Bf8 35. Ng2 Be7 36. Qe3 Qh7 37. Kf2 Qg7 38. Qd3 Qh7 39.
Qe3 Qg7 40. Qd3 Qh7 41. Qd1 Kg7 42. Qa4 Qh8 43. Qd7 Qd8 44. Qxb7 Bf8 45. Qc6
Rc7 46. Qe8 1-0

[Event "GBR-ch"]
[Site "Scarborough"]
[Date "2001.08.06"]
[Round "7"]
[White "Rowson, Jonathan"]
[Black "Ansell, Simon"]
[Result "0-1"]
[WhiteElo "2514"]
[BlackElo "2376"]
[Annotator "Martin,A"]
[PlyCount "76"]
[EventDate "2001.07.30"]

1. e4 c5 2. Nf3 Nc6 3. Bb5 e6 4. Bxc6 bxc6 5. d3 Ne7 6. Ng5 h6 7. Nh3 g6 8. Bd2
Bg7 9. Bc3 e5 10. f4 d5 11. Nf2 Qb6 $146 ({RR} 11... d4 12. Bd2 exf4 13. Bxf4
O-O 14. g4 Kh7 15. Rg1 Rg8 16. Kf1 Be6 17. Nd2 Qd7 18. Qf3 g5 19. Bg3 Rgf8 20.
Nc4 Ng6 21. Re1 Rad8 22. b3 Qe7 23. Kg2 Bc8 24. Kh1 Be5 25. Bxe5 Nxe5 26. Nxe5
{Svetushkin,D-Motylev,A/Bucharest 1998/EXT 2000/0-1 (43)}) 12. Nd2 Be6 13. Bxe5
Bxe5 14. fxe5 Qxb2 15. O-O Qxe5 16. Nf3 Qg7 17. Qc1 g5 18. Rb1 g4 19. Ne1 Qg5
20. Qa3 d4 21. c3 dxc3 22. Rc1 Ng6 23. Qxc3 Bxa2 24. Ra1 Be6 25. Ra5 Qe5 26.
Qa3 Nf4 27. Rxc5 Ne2+ 28. Kh1 Qf6 29. Rc2 Nd4 30. Qa1 Qe5 31. Nd1 O-O 32. Ne3
f5 33. Rd2 fxe4 34. Rxf8+ Rxf8 35. dxe4 Nf3 $1 {
 Nice move , nice idea. It throws Rowson completely.} 36. Qxe5 Nxe5 37.
Rd6 Nc4 38. N1c2 $4 Nxd6 0-1

[Event "GBR-ch"]
[Site "Scarborough"]
[Date "2001.08.06"]
[Round "7"]
[White "Summerscale, Aaron"]
[Black "Walker, Martin G"]
[Result "1-0"]
[WhiteElo "2510"]
[BlackElo "2109"]
[Annotator "Martin,A"]
[PlyCount "149"]
[EventDate "2001.07.30"]

1. Nf3 {. . Ribli} 1... Nf6 2. c4 g6 3. Nc3 d5 4. Qa4+ Bd7 5. Qb3 dxc4 6. Qxc4
Bg7 7. e4 O-O 8. e5 $1 $13 {A very big moment in the game.} 8... Be6 $6 ({RR} 
8... Ng4 {Not entirely satisfactory either.} 9. d4 Nc6 ({RR} 9... a6 10. h3 Nh6
11. Be2 b5 12. Qc5 Bc6 13. O-O Bb7 14. a4 Nd7 15. Qb4 c6 16. Bf4 f6 17. Rfd1
fxe5 18. dxe5 e6 19. Bxh6 Bxh6 20. Qd6 Rf7 21. Qxe6 Qe8 22. Qxe8+ Rxe8 23. Ne4
Bf8 {1-0 Bauer,C-Dunsbach,R/Hamburg 1999/EXT 2000 (23)}) 10. Bf4 Na5 11. Qe2 c5
12. h3 cxd4 13. Nxd4 Nh6 14. Rd1 Qb6 15. Qd2 Nf5 16. Nxf5 Bxf5 17. Nd5 Qd8 18.
Qb4 Kh8 19. Nxe7 Qb6 20. Qxb6 axb6 21. Nxf5 gxf5 22. Bb5 Nc6 23. a4 Bxe5 24.
Bxe5+ Nxe5 25. Rd5 f6 26. f4 Ng6 27. O-O Rad8 28. Rxf5 Rd4 29. g3 Ne7 30. Rh5
Rdd8 31. Rf3 Nd5 32. Kf2 Nb4 33. Re3 Rd2+ 34. Re2 Rfd8 35. Rf5 Kg7 36. g4 Nc2
37. g5 fxg5 38. Rxg5+ Kf6 39. Rge5 Rxe2+ 40. Rxe2 Nb4 41. Re5 Rd2+ 42. Re2 Rd1
43. b3 {Ivanchuk,V-Shirov,A/Polanica Zdroj 1998/CBM 67/[Ribli]/1-0 (53)}) 9.
exf6 $1 $146 ({RR} 9. Qh4 Nd5 10. Ng5 ({RR} 10. Be2 c5 11. Ne4 Nd7 12. Neg5 h6
13. Nxe6 fxe6 14. d4 cxd4 15. O-O Nxe5 16. Nxe5 Bxe5 17. Bxh6 Bg7 18. Bd3 Qe8
19. Bxg7 Kxg7 20. Qxd4+ Rf6 21. Be4 Qb5 22. g3 b6 23. Rad1 Rd8 24. Qe5 Qc5 {
Boersma,P-Peek,M/Groningen 1988/EXT 97/1/2-1/2 (41)}) 10... h6 11. Nxe6 fxe6
12. Qe4 Nxc3 13. dxc3 Qd5 14. Qxg6 Qxe5+ 15. Be3 Nc6 16. Bd3 Qf6 17. Qh7+ Kf7
18. O-O Rad8 19. f4 Rd6 20. Rae1 Ke8 21. Bb5 Rh8 22. Qe4 a6 23. Ba4 Qf5 {
Adamski,J-Vujic,B/Valjevo 1984/MCD/1-0 (41)}) 9... Bxc4 10. fxg7 Kxg7 11. Bxc4
e5 12. O-O Nd7 $2 {I find this move far too passive. Instead} (12... Nc6 {
controls d4 and gives Black fair counterchances. Certainly if he can play ...
h6 and ...f5 he could really be in business. }) 13. Rd1 Nb6 14. Bf1 Re8 15. d4
e4 16. Ng5 e3 17. Nf3 exf2+ 18. Kxf2 c6 19. Bf4 Nd5 20. Nxd5 cxd5 21. Rd3 Re6
22. Bd2 Rc8 23. Rb3 Rb6 24. Bd3 h6 25. Kg1 Qf6 26. Rf1 Rxb3 27. axb3 Qb6 28. b4
Rc6 29. b5 Rf6 30. Bc3 Kh7 31. Ra1 Kg7 32. h3 Rf4 33. Kh1 Kh7 34. Re1 Qf6 35.
Re3 Qd6 36. Be1 Rf6 37. Ne5 Qc7 38. Bc3 Kg7 39. Kg1 Rf4 40. Nf3 Rf6 41. Ne5 Qd6
42. Be2 Re6 43. Kf2 Rf6+ 44. Rf3 Rxf3+ 45. Bxf3 f6 46. Ng4 Qb6 47. Be2 Qd8 48.
Ne3 Qd7 49. b6 axb6 50. Bf3 f5 51. Nxd5 b5 52. Nb4 g5 53. Nd3 g4 54. d5+ Kf8
55. hxg4 fxg4 56. Ne5 Qd6 57. Nxg4 Qf4 58. Ne5 Ke8 59. Nd3 Qf5 60. Ke2 Kd7 61.
Be5 b6 62. Ke3 Qg5+ 63. Bf4 Qf6 64. Bg4+ Kd8 65. d6 Qh4 66. Bh3 b4 67. d7 Qe7+
68. Kd2 Qf6 69. Ke3 b5 70. Ne5 Ke7 71. Ke4 Qb6 72. Bg3 Qf6 73. Bg4 Kd8 74. Kd5
Qg5 75. Bh4 1-0

[Event "GBR-ch"]
[Site "Scarborough"]
[Date "2001.08.06"]
[Round "7"]
[White "Zhao, Zong-Yuan"]
[Black "Hebden, Mark"]
[Result "0-1"]
[WhiteElo "2359"]
[BlackElo "2550"]
[Annotator "Martin,A"]
[PlyCount "70"]
[EventDate "2001.07.30"]

1. d4 Nf6 2. c4 g6 3. Nc3 Bg7 4. e4 d6 5. Nf3 O-O 6. Be2 e5 7. O-O Nc6 8. d5
Ne7 9. b4 Nh5 10. Re1 Kh8 ({RR} 10... c6 11. g3 f5 12. Ng5 Nf6 13. Bf3 cxd5 14.
cxd5 fxe4 15. Ngxe4 Nxe4 16. Nxe4 Nf5 17. Bb2 Bh6 18. Bg2 Qb6 19. Qa4 a5 20.
Bc3 axb4 21. Qxb4 Qxb4 22. Bxb4 Ra4 23. a3 Rd8 24. Ra2 Ne7 25. Nc3 {
Hammes,M-Michalczak,T/Germany 1999/GER-chT2/1-0 (58)}) 11. Nd2 ({RR} 11. a4 f5
12. Nd2 Nf4 13. Bf1 g5 14. g3 Nfg6 15. Be2 c6 16. a5 Bd7 17. c5 cxd5 18. cxd6
Nc6 19. Nxd5 Nd4 20. Bb2 Rc8 21. Bd3 Bc6 22. exf5 Nxf5 23. Bxf5 Rxf5 24. Ne4
Qg8 25. Qg4 Qxd5 {Van Wely,L-Nijboer,F/Gouda 1997/EXT 99/1-0 (54)}) 11... Nf4
12. Bf1 c6 13. Bb2 $146 ({RR} 13. a4 h6 14. Nb3 cxd5 15. cxd5 g5 16. a5 Neg6
17. a6 bxa6 18. Na5 Ne7 19. Ba3 Bd7 20. Bxa6 f5 21. Bb7 Rb8 22. Nc6 Qb6 23.
Nxb8 Rxb8 24. Bc6 Nxc6 25. dxc6 Qxc6 26. Qd2 Rc8 27. Bb2 fxe4 {
Van der Sterren,P-Dydyshko,V/Germany 1998/GER-chT/1-0 (51)}) 13... cxd5 14.
cxd5 Ng8 15. Rc1 Nf6 16. Nc4 Ne8 17. Kh1 f5 18. g3 Nh5 19. exf5 Nhf6 20. fxg6
Ng4 21. Kg1 Rxf2 22. Rc2 Rf8 23. h3 Nh6 24. gxh7 Nf5 25. Rf2 Bd7 26. Ne4 b5 27.
Ncd2 Qb6 28. a4 a6 29. a5 Qa7 30. Nf3 Nf6 31. Nxf6 Rxf6 32. Nxe5 $138 (32. g4
Nh4 (32... Ne3 33. Qd3 Rxf3 34. Rxf3 Nc4+ 35. Kg2 Nxb2 36. Qg6 $16) 33. Bg2
Raf8 34. Kf1 Bh6 35. Qd3 Be8 $13) 32... dxe5 33. Bxe5 Rf7 34. Qa1 (34. Qh5 Raf8
) 34... Raf8 35. g4 Bxe5 0-1

[Event "GBR-ch"]
[Site "Scarborough"]
[Date "2001.08.06"]
[Round "7"]
[White "Turner, Matthew J"]
[Black "D'Costa, Lorin"]
[Result "1-0"]
[WhiteElo "2511"]
[BlackElo "2155"]
[Annotator "Martin,A"]
[PlyCount "49"]
[EventDate "2001.07.30"]

1. e4 {. Har Zvi} 1... c5 2. c3 d5 3. exd5 Qxd5 4. d4 g6 $5 5. Nf3 Bg7 6. Na3
cxd4 7. Bc4 Qa5 $146 ({RR} 7... Qe4+ 8. Be3 Nh6 ({RR} 8... Be6 9. Bxe6 Qxe6 10.
Nxd4 Qc8 11. Qe2 Nf6 12. Ndb5 a6 13. Nc4 axb5 14. Nb6 Qd8 15. Nxa8 Nbd7 16. Nb6
Nxb6 17. Qxb5+ Nbd7 18. Qxb7 O-O 19. a4 e6 20. O-O Nd5 21. Rfd1 Ne5 22. a5 Qh4
23. Rd4 {Shovunov,B-Rashkovsky,N/St Petersburg 1997/CBM 61 ext/1/2-1/2 (45)})
9. Bd3 ({RR} 9. cxd4 O-O 10. O-O Bg4 11. Bxh6 Bxh6 12. Re1 Bxf3 13. Rxe4 Bxd1
14. Rxd1 Bg5 15. Re5 Bf6 16. Rb5 Nc6 17. d5 a6 18. Rxb7 Na5 19. Rb6 Rfb8 20.
Rxb8+ Rxb8 21. b3 Bb2 22. Nc2 Nxc4 23. bxc4 Be5 24. Ne1 Bd6 25. Nd3 Ba3 26. Kf1
f6 27. Rd2 Kf7 28. c5 Rd8 29. Nf4 Rb8 30. Rc2 {
1-0 Sveshnikov,E-Najer,E/St Petersburg 1998/CBM 67/[Har Zvi] (30)}) 9... Qg4
10. h3 Qxg2 11. Rh2 Qxh2 12. Nxh2 dxe3 13. fxe3 O-O 14. Qf3 Nc6 15. Nc4 Be6 16.
O-O-O Rac8 17. Qf1 b5 18. Nd2 Nb4 19. Bxb5 Nxa2+ 20. Kb1 Rb8 21. Kc2 Nf5 22.
Re1 {Svetushkin,D-Hamdouchi,H/Ubeda 1999/CBM 68 ext/0-1 (35)}) ({RR} 7... Qd8
8. Qb3 e6 9. Nxd4 Ne7 10. Bg5 h6 11. Be3 Nd5 12. Bxd5 exd5 13. O-O O-O 14. Nac2
Nc6 15. Nb4 Ne7 16. Rad1 a5 17. Nd3 a4 18. Qc2 a3 19. b4 Nf5 20. Nxf5 Bxf5 21.
Qb3 d4 22. cxd4 {Sveshnikov,E-Cvitan,O/Tilburg 1993/CBM 39/1-0 (43)}) 8. Nxd4
Nf6 9. O-O O-O 10. Re1 e5 11. b4 Qc7 12. Ndb5 $36 Qe7 13. Be3 b6 14. Qd6 Qxd6
15. Nxd6 $16 Nc6 16. Bg5 a6 17. Rad1 b5 18. Bxf6 Bxf6 19. Bd5 Bd7 20. Bxf7+ {
Overwhelming. } 20... Kg7 21. Bb3 Ra7 22. Nc2 Rc7 23. Ne3 Ne7 24. Ne4 Bf5 25.
Nc5 1-0

[Event "GBR-ch"]
[Site "Scarborough"]
[Date "2001.08.06"]
[Round "7"]
[White "Shaw, John K"]
[Black "Ward, Chris G"]
[Result "1-0"]
[WhiteElo "2478"]
[BlackElo "2493"]
[Annotator "Martin,A (game of the day)"]
[PlyCount "111"]
[EventDate "2001.07.30"]

1. e4 {. Har Zvi} 1... c5 2. Nf3 d6 3. Bb5+ Bd7 4. Bxd7+ Qxd7 5. c4 Nc6 6. Nc3
Ne5 {A difficult variation for both sides. Shaw plays strongly but 7 Nxe5 dxe5
8 Qh5! gives White the advantage.} 7. d4 Nxf3+ 8. gxf3 cxd4 9. Qxd4 e6 10.
Be3 Ne7 11. O-O-O {The problem for Black is that he has two weaknesses : His
King and that pawn at d6. If he wants to survive in this line he has to play
with great energy.. } ({RR} 11. f4 Nc6 12. Qd2 Be7 13. O-O-O O-O-O 14. Kb1
Kb8 15. Qc2 b6 16. Rd2 Qb7 17. Rhd1 g6 18. f3 Rd7 19. a3 Na5 20. Nb5 Qc6 21. b3
Rhd8 22. Nd4 Qc8 23. f5 exf5 24. exf5 d5 25. Bf4+ Kb7 {
Kotsur,P-Rashkovsky,N/Tula 1999/EXT 2000/1-0 (36)}) 11... Nc6 12. Qd2 Ne5 $146
({RR} 12... Rd8 13. Rhg1 $1 Qc8 14. f4 g6 15. Kb1 $16 Be7 16. Qe2 O-O 17. h4 { A rotten position. White enjoys a tremendous initiative.} 17... Na5 18. h5
Bf6 19. Bd4 Bxd4 20. Rxd4 Qc5 21. Rdd1 Nxc4 22. Rg5 Qb4 23. Ka1 a6 24. f5 Rc8
25. hxg6 fxg6 26. fxg6 h6 27. Rg3 Kg7 28. Rh1 Qb6 29. Rg2 Qb4 30. Rh3 Rf6 31.
Rxh6 Rc5 32. Rh7+ Kg8 33. Rf7 {
1-0 Rublevsky,S-Becerra Rivero,J/Luzern 1997/CBM 62/[Har Zvi] (33)}) 13. Qe2
Qc6 $2 {Literally the last chance. Black has to try} (13... Rc8 14. b3 (14. c5
Qc7 15. f4 Nd7 16. cxd6 Bxd6 17. Kb1 $13) 14... b5 $1 {
Might save the day. The White King is blown open.} 15. f4 bxc4 $1 16. fxe5 cxb3
17. Kb2 (17. Bd4 bxa2 18. Qxa2) 17... bxa2 $132 ) 14. b3 Be7 15. Rhg1 O-O
16. f4 $16 Nd7 17. f5 Bf6 18. Bd4 $1 {Highlighting that white can play both
for mate and more positionally,against d6. Ward's hand is forced. He has to
make a major concession.} 18... e5 19. Be3 b5 $8 {
 What else ? The slow death with Kb1 and Nd5 was loomed large.} 20. Nxb5 {
Absolutely no reason why not.} 20... Qxe4 21. Nxd6 Qc6 22. Qg4 $1 $18 e4 {
A desperate last throw. Shaw makes the next phase look extremely easy.} 23.
Nxe4 Ne5 24. Nxf6+ Qxf6 25. Qg5 $1 {
Why complicate in a cast-iron winning position.} 25... Qxg5 26. Rxg5 f6 27. Rg3
Rf7 28. Bf4 Nc6 29. Rgd3 Re7 30. Re3 Kf7 31. Rd6 Rc8 32. Kb2 Rb7 33. Red3 Ke8
34. Rh3 Ne7 35. Kc3 {
Returning a pawn to get the ideal position for his Bishop and Rooks.} 35...
Nxf5 36. Ra6 h6 37. Rd3 Kf7 38. Rd5 Ne7 39. Rda5 Nc6 40. Rc5 Ne7 41. Rxc8 Nxc8
42. c5 g5 43. Be3 Kg6 44. Bd4 Rf7 45. Kc4 g4 46. b4 Kg5 47. Be3+ Kg6 48. b5 h5
49. Rc6 Ne7 50. Rc7 Nf5 51. Rxf7 Kxf7 52. b6 axb6 53. cxb6 Ke6 54. Bc5 Kd7 55.
Kb5 h4 56. b7 {And with the draw glut on the top boards, John Shaw leads the
British. He's a rational player approaching top form and he deserves to be
ahead. As far as 6...Ne5 goes,well,that will depend on the correct
evaluation of 13...Rc8. Otherwise, Black's position is awful.} 1-0

[Event "GBR-ch"]
[Site "Scarborough"]
[Date "2001.08.06"]
[Round "7"]
[White "Gormally, Daniel"]
[Black "Wells, Peter"]
[Result "1/2-1/2"]
[WhiteElo "2481"]
[BlackElo "2510"]
[Annotator "Martin,A"]
[PlyCount "54"]
[EventDate "2001.07.30"]

1. d4 Nf6 2. c4 e6 3. Nc3 Bb4 4. e3 O-O 5. Bd3 d5 6. Nf3 c5 7. O-O cxd4 8. exd4
dxc4 9. Bxc4 b6 10. Bg5 Bb7 11. Re1 Nbd7 12. Rc1 Rc8 13. Qb3 Bxc3 14. Rxc3 h6
15. Bh4 Qe8 16. Qa3 $146 ({RR} 16. Bb5 Rxc3 17. bxc3 a6 18. Bf1 Qa8 19. Ne5
Nxe5 20. Rxe5 Nd5 21. c4 Nf4 22. Bg3 Ng6 23. Re1 b5 24. c5 Bd5 25. Qc3 Ne7 26.
Bd6 Re8 27. Bxe7 Rxe7 28. Qa5 Bc6 29. f3 Rd7 30. Rd1 e5 {
Aagaard,J-Kumaran,D/London 1997/CBM 60/0-1 (50)}) 16... a6 17. Ne5 Nxe5 18.
dxe5 Ne4 19. Rxe4 Bxe4 20. Be7 Qd7 $1 21. Qd6 Qa4 $1 22. Bb3 Qb5 $1 23. Bxf8
Rxc3 24. bxc3 Qe2 $1 {
Aesthetic manouvres by the Queen force a draw. Not at all a regular finish. }
25. Qd1 Qxd1+ 26. Bxd1 Kxf8 27. Be2 a5 1/2-1/2

[Event "GBR-ch"]
[Site "Scarborough"]
[Date "2001.08.07"]
[Round "8"]
[White "Hodgson, Julian M"]
[Black "Summerscale, Aaron"]
[Result "1-0"]
[WhiteElo "2581"]
[BlackElo "2510"]
[Annotator "Martin,A"]
[PlyCount "103"]
[EventDate "2001.07.30"]

1. c4 {Notes by IM Andrew Martin} 1... c5 2. g3 Nf6 3. Bg2 Nc6 4. Nc3 e6 5. Nf3
d5 6. cxd5 Nxd5 7. d4 Be7 8. O-O O-O 9. Rb1 Bf6 10. Nxd5 ({RR} 10. dxc5 Bxc3
11. e4 Bf6 12. exd5 Qxd5 13. Qxd5 exd5 14. Bf4 Bf5 15. Rbd1 Bxb2 16. Rxd5 Be6
17. Rd2 Ba3 18. Bd6 Rfd8 19. Nd4 Bd7 20. Nc2 Bb2 21. Bc7 Bf5 22. Bxd8 Nxd8 23.
Ne3 Bc3 24. Rxd8+ {1-0 Marin,M-Komljenovic,D/Ubeda 1996/CBM 51 ext (24)}) 10...
Qxd5 11. dxc5 Qxc5 12. Be3 $146 ({RR} 12. Qa4 Bd7 13. Be3 Qe7 14. Qe4 Rac8 15.
h4 ({RR} 15. b4 b6 16. Bd2 Rfd8 17. b5 Na5 18. Bb4 Qe8 19. a4 a6 20. Bxa5 bxa5
21. bxa6 Bxa4 22. Rfc1 Bc6 23. Qe3 g6 24. a7 a4 25. Ne5 Bxg2 26. Rxc8 Rxc8 27.
Kxg2 a3 28. Nd7 Bb2 29. Qxa3 Bxa3 {
Suba,M-Petursson,M/Thessaloniki 1984/EXT 97-B/1-0 (43)}) 15... b6 16. Rfd1 Rfd8
17. Bg5 h6 18. Bxf6 Qxf6 19. Rd2 Be8 20. Rbd1 Rxd2 21. Rxd2 Rd8 22. Rxd8 Qxd8
23. Ne5 Nxe5 24. Qxe5 Qc8 25. Bf3 Bc6 {
1/2-1/2 Olafsson,H-Miles,A/Reykjavik 1986/EXT 2000 (25)}) 12... Qe7 13. Qc1 Rd8
14. Bc5 Qe8 15. b4 b6 16. b5 Na5 17. Bb4 Bb7 18. Bxa5 bxa5 19. Qe3 Qe7 20. Rfc1
h6 21. h4 Bd5 22. Ne5 Bxg2 23. Kxg2 Bxe5 24. Qxe5 Qb7+ 25. Rc6 a6 26. e4 axb5
27. Rc7 Qb6 28. Rxb5 Qd4 29. Qf4 Rd7 30. Rxd7 Qxd7 31. a4 Qd4 32. e5 Qxf4 33.
gxf4 h5 34. Kf3 Rc8 $2 {
 Pressure.} (34... Kh7 35. Ke4 Kg6 (35... g6 36.
Kd4 Kg7 37. Kc5 Rc8+ 38. Kd4 (38. Kb6 Rc4 39. Kxa5 Rxf4 40. Rb4 Rxf2 41. Kb6 g5
$1 $13) 38... Rd8+ 39. Ke4 Ra8) 36. Rb6 $1) 35. Rxa5 Rc3+ 36. Ke4 Rc4+ 37. Ke3
Kh7 38. Ra7 Kg6 39. a5 Ra4 40. a6 Ra3+ 41. Kd4 Ra4+ 42. Kc5 Rxf4 43. Rc7 Rxf2
44. a7 Ra2 45. Kb6 Kf5 46. Rxf7+ Kxe5 47. Kb7 Kd4 48. Rd7+ Kc4 49. a8=Q Rxa8
50. Kxa8 e5 51. Rxg7 e4 52. Rh7 1-0